| 000 | 01137 a2200217 4500 | ||
|---|---|---|---|
| 005 | 20080829162935.0 | ||
| 008 | 080829t xxu||||| |||| 00| 0 hin d | ||
| 010 | _aHIN-82751 | ||
| 020 |
_a8188134651 _c450.00 |
||
| 035 | _aHN-55097 | ||
| 037 | _bपु.प्र.अ.प्र/प्रका | ||
| 082 | _a821.08 | ||
| 100 | _aनीरजा मोहन | ||
| 245 |
_aपटियाला दरबार का हिन्दी नीति काव्य / _cनीरजा मोहन |
||
| 246 |
_aPatiyala darbar ka Hindi niti kavya _bby Neeraja Mohan |
||
| 260 |
_aनई दिल्ली _bसत्यम पब्लिशिंग हाऊस _c2007 |
||
| 270 |
_aएन-3/25, मोहन गार्डन _bनई दिल्ली _e110059 _k011- 25358642 |
||
| 300 |
_axx,203पृ _c22 सेमी (सजिल्द) |
||
| 942 |
_adpl _cHN _k 821.08 / नीरजा _2ddc _h821.08 _mनीरजा |
||
| 999 |
_c10963 _d10963 |
||